Normal view
MARC view
Entry Personal Name
001 - CONTROL NUMBER
- control field: 99110
003 - CONTROL NUMBER IDENTIFIER
- control field: OSt
005 - DATE AND TIME OF LATEST TRANSACTION
- control field: 20230505155224.0
008 - FIXED-LENGTH DATA ELEMENTS
- fixed length control field: 230505|| aca||aabn | a|a d
040 ## - CATALOGING SOURCE
- Original cataloging agency: OSt
- Transcribing agency: OSt
100 ## - HEADING--PERSONAL NAME
- Personal name: PINKERT (Carl A),Ed
670 ## - SOURCE DATA FOUND
- Source citation: Work cat.: (OSt)163700: PINKERT (Carl A),Ed., Transgenic animal technology: a laboratory handbook., 2002